Artificial intelligence: (Record no. 181895)

MARC details
000 -LEADER
fixed length control field 00582nam a22001817a 4500
005 - DATE AND TIME OF LATEST TRANSACTION
control field 20211008105353.0
010 ## - LCCN (DPL NO)
LC control number EN230921
020 ## - INTERNATIONAL STANDARD BOOK NUMBER
International Standard Book Number 9789332543515
Terms of availability 899.00
037 ## - SOURCE OF ACQUISITION
Source of stock number/acquisition Pearson
100 ## - MAIN ENTRY--PERSONAL NAME
Personal name Russell, Stuart J.
245 ## - TITLE STATEMENT
Title Artificial intelligence:
Remainder of title a modern approach /
Statement of responsibility, etc by Stuart J. Russell [and] Peter Norvig
250 ## - EDITION STATEMENT
Edition statement 3rd ed
260 ## - PUBLICATION, DISTRIBUTION, ETC. (IMPRINT)
Place of publication, distribution, etc Noida
Name of publisher, distributor, etc Pearson
Date of publication, distribution, etc 2020
270 ## - ADDRESS
Address 15th Floor, Tower-B, World Trade Tower, Plot No.1, Block-C, Sector-16
City Noida
Postal code 201301
300 ## - PHYSICAL DESCRIPTION
Extent xviii, 1145p.:
Other physical details ill.
Dimensions 28cm(pbk)
700 ## - ADDED ENTRY--PERSONAL NAME
Personal name Norvig, Peter
942 ## - ADDED ENTRY ELEMENTS (KOHA)
Source of classification or shelving scheme Dewey Decimal Classification
Item type English Books
Call number suffix RUS

No items available.


© Delhi Public Library
Hit Counter
free hit counter